01167nam a22002657a 4500003000500000005001700005007000300022008004100025040001000066090002100076100003800097245013000135264007100265300005100336502009200387700003600479700003300515720004100548720004800589720004800637720004400685942002600729952012900755999001700884CSPC20250207105901.0ta250207s2018 ph a mabs 000 0 eng  cCSPC  aUTH BSOA Ev148f  aEvangelista, Cecile M. eauthor.  aFactors affecting the growth of small business enterprises in San Buenaventura, Buhi, Camarines Sur /cCecile M. Evangelista  aBuhi, Camarines Sur: bCamarines Sur Polytechnic Colleges, c2018. axvii, 109 leaves : billustrations ; c28 cm.  aUndergraduate Theses (BSOA) Office Administration cCamarines Sur Polytechnic Colleges  aPeñones, Debbie A. eauthor.  aRabino, Melody C. eauthor.  aPenetrante, Nancy S. MBA eadviser.  aEscolano, Emilda E. MBAepanelist chairman  aOliveros, Rosanna B. PhD. epanelist member aHallare, Syrell M. MBMepanelist member 2ddcn0cUMkUTHm2018 00102ddc4070aBUHIbBUHIcUTHd2024-09-16l0oUTH BSOA Ev148f 2018p00128UM-BUHr2025-02-07 00:00:00t1-1w2024-09-16yUM c28782d28782